Frontiers of identity : the British and the others
Αποθηκεύτηκε σε:
| Κύριος συγγραφέας: | |
|---|---|
| Μορφή: | Βιβλίο |
| Γλώσσα: | English |
| Δημοσίευση: |
London :
Longman,
c1994
|
| Σειρά: | Longman sociology series
|
| Θέματα: | |
| Ετικέτες: |
Προσθήκη ετικέτας
Δεν υπάρχουν, Καταχωρήστε ετικέτα πρώτοι!
|
MARC
| LEADER | 00000nam a2200000 i 4500 | ||
|---|---|---|---|
| 001 | 1/90521 | ||
| 008 | 990927s1994 eng d | ||
| 020 | |a 0-582-24576-1 | ||
| 035 | |l 10053143 | ||
| 040 | |a GR-MY-UA |b gre |e aacr | ||
| 041 | 0 | |a eng | |
| 082 | 0 | |a 305.800941 | |
| 100 | 1 | |a Cohen, Robin |d 1944- | |
| 245 | 1 | 0 | |a Frontiers of identity : |b the British and the others / |c Robin Cohen |
| 260 | |a London : |b Longman, |c c1994 | ||
| 300 | |a 234 p. | ||
| 490 | 1 | |a Longman sociology series | |
| 504 | |a Includes bibliographical references and index | ||
| 650 | 0 | 0 | |a Immigrants |z Great Britain |x Social conditions. |
| 650 | 0 | 0 | |a Refugees |z Great Britain |x Social conditions. |
| 650 | 0 | 0 | |a Aliens |z Great Britain |x Social conditions. |
| 650 | 0 | 0 | |a National characteristics, British. |
| 651 | 0 | |a Great Britain |x Ethnic relations. | |
| 651 | 0 | |a Great Britain |x Emigration and immigration. | |
| 651 | 0 | |a Great Britain |x Race relations. | |
| 830 | 0 | |a Longman sociology series | |
| 852 | |a INST |b LESVOS |e 19990927 |h 305.800941 COH |p 005100019419 |q 005100019419 |t BK |y 0 | ||
| 901 | |a BIBL1-1999-3 | ||
| 909 | |a Λ |b 066638 | ||
| 922 | |a 1ΕΛΗ |b 199907 |c ΚΠΣ/ΤΚ |d ΠΑΠΑΣΩΤΗΡΙΟΥ | ||
| 950 | |a 103-1998-07-27 | ||
| 970 | |a ΜΟΥΣΤΑΚΑ |b ΠΗΝΕΛΟΠΗ |z 1999/09/29 | ||